000
00229nam a2200097Ia 4500
008
120527s9999 xx 000 0 und d
100
_a
WILLIAMSON, P
245
_a
The king fisher world atlas
260
_b
KingFister
942
_c
BK
999
_c
25643
_d
25643